Click an '-ick' Quiz Stats

 Plays Quiz Updated Aug 20, 2014

Support Sporcle.
Go Orange.
Score 0/18 Timer 01:30
4 Plays Today
% Correct
Brick
95%
Click
94.3%
Thick
94%
Chick
93.8%
Kick
93.7%
Stick
92.6%
Quick
92.5%
Slick
92.4%
Dick
92.1%
% Correct
Pick
92.1%
Flick
92.1%
Lick
92%
Trick
91.9%
Tick
91.9%
Nick
87.9%
Prick
87.8%
Rick
85.9%
Crick
85.1%

You're not logged in!

Compare scores with friends on all Sporcle quizzes.
OR
Log In

From the Vault

Mineral Producing Countries

by THEJMAN

Whatever you do, don't just call them rocks.
Remove Ads.
Support Sporcle.
Get the best of Sporcle when you Go Orange. This ad-free experience offers more features, more stats, and more fun while also helping to support Sporcle. Thank you for becoming a member.

Show Comments

Extras

Top Quizzes Today


Score Distribution

Your Account Isn't Verified!

In order to create a playlist on Sporcle, you need to verify the email address you used during registration. Go to your Sporcle Settings to finish the process.

Report this User

Report this user for behavior that violates our Community Guidelines.

Details: